[Event "Chess24 Banter QualF 2020"]
[Site "chess24.com INT"]
[Date "2020.09.13"]
[Round "1.1"]
[White "Adhiban, Baskaran"]
[Black "Stefanova, Antoaneta"]
[Result "1/2-1/2"]
[WhiteTitle "GM"]
[BlackTitle "GM"]
[WhiteElo "2659"]
[BlackElo "2462"]
[WhiteFideId "5018471"]
[BlackFideId "2902257"]
[EventDate "2020.09.13"]

1. e4 c6 2. Nf3 d5 3. d3 dxe4 4. dxe4 Qxd1+ 5. Kxd1 Bg4 6. Be2 Nd7 7. Nfd2 Bxe2+
8. Kxe2 e5 9. f3 Ne7 10. Nc4 Nc8 11. Rd1 f6 12. a4 Ncb6 13. Nbd2 a5 14. Ne3 Nc5
15. b3 Ne6 16. g3 Nd4+ 17. Kf1 Bb4 18. Kf2 Bc3 19. Rb1 O-O-O 20. Ndf1 Ne6 21.
Ba3 Bd4 22. Kg2 Rd7 23. Rd3 Rhd8 24. Rbd1 Bc5 25. Rxd7 Rxd7 26. Rxd7 Nxd7 27.
Bxc5 Nexc5 28. Nc4 b6 29. Kf2 Kc7 30. Ke2 Nb7 31. Nfe3 b5 32. Nb2 Nb6 33. Kd2
bxa4 34. Nxa4 Nxa4 35. bxa4 Nc5 36. Nc4 Nxa4 37. Nxa5 Nc5 1/2-1/2

[Event "Chess24 Banter QualF 2020"]
[Site "chess24.com INT"]
[Date "2020.09.13"]
[Round "1.2"]
[White "Stefanova, Antoaneta"]
[Black "Adhiban, Baskaran"]
[Result "0-1"]
[WhiteTitle "GM"]
[BlackTitle "GM"]
[WhiteElo "2462"]
[BlackElo "2659"]
[WhiteFideId "2902257"]
[BlackFideId "5018471"]
[EventDate "2020.09.13"]

1. d4 g6 2. e4 Nf6 3. Nc3 d5 4. e5 Nh5 5. Be2 Ng7 6. f4 h5 7. Be3 c6 8. Nf3 Bg4
9. O-O Nf5 10. Bf2 e6 11. a3 Nd7 12. b4 Nb6 13. Nd2 Bxe2 14. Nxe2 Be7 15. c3 g5
16. fxg5 Bxg5 17. Nf3 h4 18. Nxg5 Qxg5 19. Qc1 Qxc1 20. Nxc1 Nc4 21. Nd3 a5 22.
Rfb1 b6 23. a4 Kd7 24. b5 Rac8 25. bxc6+ Rxc6 26. Rb5 Nd2 27. Be1 Ne4 28. Nf4
Ne3 29. Rab1 Nc4 30. g4 hxg3 31. hxg3 Na3 32. Rxb6 Nxb1 33. Rxb1 Kc7 34. Ne2 Rb8
35. Rxb8 Kxb8 36. Kg2 Rc4 37. g4 Rxa4 38. Kf3 Ra1 39. Bh4 a4 40. Be7 a3 0-1

[Event "Chess24 Banter QualF 2020"]
[Site "chess24.com INT"]
[Date "2020.09.13"]
[Round "1.3"]
[White "Adhiban, Baskaran"]
[Black "Stefanova, Antoaneta"]
[Result "1-0"]
[WhiteTitle "GM"]
[BlackTitle "GM"]
[WhiteElo "2659"]
[BlackElo "2462"]
[WhiteFideId "5018471"]
[BlackFideId "2902257"]
[EventDate "2020.09.13"]

1. e4 c6 2. Nf3 d5 3. Nc3 Bg4 4. h3 Bxf3 5. Qxf3 e6 6. d4 dxe4 7. Nxe4 Qxd4 8.
Bg5 Qxb2 9. Rd1 f6 10. Bf4 e5 11. Bd2 Nd7 12. Bc4 O-O-O 13. O-O Qb6 14. Rb1 Qc7
15. Rb3 Nb6 16. Ba5 Ne7 17. Nc5 Ned5 18. Ne6 Qd6 19. Nxd8 Qxd8 20. Rd1 Qe8 21.
Bxd5 Nxd5 22. Rxd5 cxd5 23. Qxd5 b6 24. Bxb6 axb6 25. Rxb6 Be7 26. Qb7+ Kd8 27.
Rc6 Qd7 28. Qb8+ 1-0

[Event "Chess24 Banter QualF 2020"]
[Site "chess24.com INT"]
[Date "2020.09.13"]
[Round "1.4"]
[White "Stefanova, Antoaneta"]
[Black "Adhiban, Baskaran"]
[Result "1/2-1/2"]
[WhiteTitle "GM"]
[BlackTitle "GM"]
[WhiteElo "2462"]
[BlackElo "2659"]
[WhiteFideId "2902257"]
[BlackFideId "5018471"]
[EventDate "2020.09.13"]

1. d4 g6 2. Nf3 Bg7 3. Nc3 d5 4. Bf4 Nf6 5. Nb5 Na6 6. c3 O-O 7. e3 c6 8. Na3
Qb6 9. Rb1 c5 10. Be5 Bg4 11. Be2 Rac8 12. h3 Bf5 13. Bd3 Bxd3 14. Qxd3 Rfd8 15.
O-O Ne4 16. Bxg7 Kxg7 17. Nc2 Nc7 18. Ne5 f6 19. Ng4 Ne8 20. Qe2 Qa6 21. Qe1 Qd3
22. Qd1 Qxd1 23. Rfxd1 e6 24. f3 N4d6 25. Nf2 Nc4 26. e4 dxe4 27. Nxe4 cxd4 28.
Nxd4 Kf7 29. f4 a6 30. Re1 Ned6 31. Nxd6+ Rxd6 32. Re2 e5 33. fxe5 Nxe5 34. Rf1
Kg7 35. g4 h6 36. Kg2 b5 37. a3 Rb6 38. Nb3 Rd8 39. Rf4 Rbd6 40. Nd4 R8d7 41.
Kg3 Re7 42. h4 Kf7 43. g5 hxg5 44. hxg5 Nc6 45. Rxe7+ Kxe7 46. gxf6+ Kf7 47.
Nxc6 Rxc6 48. a4 Rxf6 49. Rb4 Rf5 50. axb5 axb5 51. Rd4 Ke6 52. Kg4 Rd5 53. Re4+
Re5 54. Rd4 Rd5 55. Re4+ Kd6 56. Rf4 Rd2 57. Rb4 Kc5 58. Kg5 Rg2+ 59. Kf6 Rg1
60. Re4 Rg3 61. b4+ Kd5 62. Re5+ Kc6 63. Re6+ Kd5 64. Re5+ Kc6 65. Re6+ Kd5 66.
Re5+ 1/2-1/2

[Event "Chess24 Banter QualF 2020"]
[Site "chess24.com INT"]
[Date "2020.09.13"]
[Round "1.5"]
[White "Adhiban, Baskaran"]
[Black "Stefanova, Antoaneta"]
[Result "1/2-1/2"]
[WhiteTitle "GM"]
[BlackTitle "GM"]
[WhiteElo "2659"]
[BlackElo "2462"]
[WhiteFideId "5018471"]
[BlackFideId "2902257"]
[EventDate "2020.09.13"]

1. e4 c6 2. d4 d5 3. exd5 cxd5 4. c4 Nf6 5. cxd5 Nxd5 6. Nc3 Nc6 7. Nf3 Bf5 8.
Bb5 e6 9. O-O Rc8 10. Ne5 Bd6 11. Nxd5 exd5 12. Nxc6 bxc6 13. Re1+ Be6 14. Bd3
Qh4 15. g3 Qf6 16. Be3 O-O 17. Rc1 g6 18. Qa4 c5 19. dxc5 Be5 20. Bh6 Rfd8 21.
Qh4 Qxh4 22. gxh4 Bxb2 23. Rc2 Bf6 24. Bg5 Bxg5 25. hxg5 d4 26. Re5 Rc7 27. Kg2
Kg7 28. Kg3 h6 29. gxh6+ Kxh6 30. h4 Kg7 31. f4 Kf6 32. c6 Rb8 33. Rec5 Rb1 34.
Rd2 Rb4 35. Be4 Ra4 36. h5 gxh5 37. Rxh5 Rxa2 38. Rh6+ Kg7 39. Rh7+ Kf8 40. Rxa2
Bxa2 41. f5 Ke7 42. Kf4 Kd6 43. Rh6+ Kc5 44. Ke5 Bc4 45. f6 Bb5 46. Rh2 Bxc6 47.
Rc2+ Kb6 48. Rb2+ Bb5 49. Kxd4 a5 50. Bd3 Rc5 51. Rb1 a4 52. Rb2 Rh5 53. Rb1 Ka5
54. Bxb5 Rxb5 55. Rc1 Rb7 56. Rc8 Kb4 57. Re8 a3 58. Re7 Rb8 59. Rxf7 a2 60. Ra7
Kb3 61. Ke5 Kb2 62. Rxa2+ Kxa2 63. Ke6 Kb3 64. f7 Kc4 65. Ke7 Kd5 66. f8=Q Rxf8
67. Kxf8 1/2-1/2

[Event "Chess24 Banter QualF 2020"]
[Site "chess24.com INT"]
[Date "2020.09.13"]
[Round "1.6"]
[White "Stefanova, Antoaneta"]
[Black "Adhiban, Baskaran"]
[Result "0-1"]
[WhiteTitle "GM"]
[BlackTitle "GM"]
[WhiteElo "2462"]
[BlackElo "2659"]
[WhiteFideId "2902257"]
[BlackFideId "5018471"]
[EventDate "2020.09.13"]

1. d4 g6 2. e4 Nf6 3. Nc3 d5 4. e5 Nh5 5. g4 Ng7 6. Bg2 c6 7. h3 h5 8. Be3 Na6
9. Qf3 Qd7 10. gxh5 Nxh5 11. O-O-O Qf5 12. Qe2 Nf4 13. Bxf4 Qxf4+ 14. Kb1 Bf5
15. Bxd5 cxd5 16. Qb5+ Bd7 17. Qxb7 Rb8 18. Qxa6 e6 19. Qxa7 Rc8 20. Nge2 Qh4
21. a4 Qd8 22. Nb5 Be7 23. Nd6+ Bxd6 24. exd6 Ra8 25. Qb7 Rb8 26. Qa6 Ra8 27.
Qd3 Bxa4 28. Nc3 Bc6 29. Qg3 Qa5 30. Kc1 Rb8 31. Kd2 Rb4 32. Ke3 Rxb2 33. Kf4
Rxc2 34. Rd3 O-O 35. h4 e5+ 36. dxe5 Qb4+ 37. Kg5 Kg7 38. h5 d4 39. h6+ Kh7 40.
Qf4 Qb7 41. Qf6 Rg8 42. Rh4 Rxc3 43. Rdxd4 Rf3 44. Rhf4 Rxf4 45. Rxf4 Bd5 46.
Rd4 Be6 47. d7 Qg2+ 48. Kh4 Qh3+ 49. Kg5 Qxh6# 0-1

[Event "Chess24 Banter QualF 2020"]
[Site "chess24.com INT"]
[Date "2020.09.13"]
[Round "1.1"]
[White "Moussard, Jules"]
[Black "Bok, Benjamin"]
[Result "1/2-1/2"]
[WhiteTitle "GM"]
[BlackTitle "GM"]
[WhiteElo "2625"]
[BlackElo "2624"]
[WhiteFideId "642908"]
[BlackFideId "1017063"]
[EventDate "2020.09.13"]

1. e4 e5 2. Nf3 Nc6 3. c3 Nf6 4. d4 exd4 5. e5 Nd5 6. cxd4 Bb4+ 7. Bd2 d6 8. Bb5
O-O 9. O-O Bg4 10. Bxc6 bxc6 11. Bxb4 Nxb4 12. Nc3 dxe5 13. dxe5 Nd3 14. h3 Bxf3
15. Qxf3 Nxe5 16. Qe4 Qf6 17. Rad1 h6 18. Rfe1 Ng6 19. Rd7 Rab8 20. Re2 Nf4 21.
Red2 Nd5 22. Nxd5 cxd5 23. Qxd5 Rxb2 24. Rxb2 Qxb2 25. Rxc7 Qb1+ 26. Kh2 Qb6 27.
Qc5 Rd8 28. Qxb6 axb6 29. Rb7 Rd2 30. Rxb6 Rxa2 1/2-1/2

[Event "Chess24 Banter QualF 2020"]
[Site "chess24.com INT"]
[Date "2020.09.13"]
[Round "1.2"]
[White "Bok, Benjamin"]
[Black "Moussard, Jules"]
[Result "1-0"]
[WhiteTitle "GM"]
[BlackTitle "GM"]
[WhiteElo "2624"]
[BlackElo "2625"]
[WhiteFideId "1017063"]
[BlackFideId "642908"]
[EventDate "2020.09.13"]

1. d4 f5 2. g3 Nf6 3. Bg2 g6 4. Nf3 Bg7 5. O-O O-O 6. c4 d6 7. Nc3 c6 8. b3 Qc7
9. Re1 e5 10. e4 fxe4 11. Nxe4 Nxe4 12. Rxe4 Bf5 13. Re3 Na6 14. Bb2 Rad8 15.
dxe5 dxe5 16. Qe2 e4 17. Ng5 Nc5 18. Nxe4 Bxe4 19. Bxe4 Rde8 20. Bd5+ cxd5 21.
Rxe8 d4 22. Rxf8+ Kxf8 23. Re1 Qd7 24. Ba3 b6 25. Qf3+ Kg8 26. Qd5+ Qxd5 27.
cxd5 Bf8 28. Rd1 Kf7 29. Rxd4 Bd6 30. Bxc5 Bxc5 31. Re4 Kf6 32. Kg2 h5 33. Re6+
Kf7 34. h3 Bd4 35. f4 Bc5 36. Kf3 1-0

[Event "Chess24 Banter QualF 2020"]
[Site "chess24.com INT"]
[Date "2020.09.13"]
[Round "1.3"]
[White "Moussard, Jules"]
[Black "Bok, Benjamin"]
[Result "1-0"]
[WhiteTitle "GM"]
[BlackTitle "GM"]
[WhiteElo "2625"]
[BlackElo "2624"]
[WhiteFideId "642908"]
[BlackFideId "1017063"]
[EventDate "2020.09.13"]

1. e4 e5 2. Nf3 Nc6 3. Bb5 Nf6 4. d3 Bc5 5. Bxc6 dxc6 6. O-O Qe7 7. Bg5 h6 8.
Bh4 Bg4 9. Nbd2 g5 10. Bg3 Nd7 11. h3 Bh5 12. c3 Rg8 13. b4 Bb6 14. a4 a6 15.
Nc4 f6 16. Qb3 Bf7 17. Qc2 h5 18. b5 Bxc4 19. dxc4 axb5 20. axb5 Kf7 21. Qe2 h4
22. Bxh4 gxh4 23. Nxh4 Rxa1 24. Qh5+ Kf8 25. Rxa1 Qe8 26. Qh6+ Kf7 27. Nf5 Nf8
28. Qh5+ Rg6 29. bxc6 Qxc6 30. Ra8 Qxe4 31. Rxf8+ Kxf8 32. Qxg6 Qb1+ 33. Kh2
Bxf2 34. Qg7+ 1-0

[Event "Chess24 Banter QualF 2020"]
[Site "chess24.com INT"]
[Date "2020.09.13"]
[Round "1.4"]
[White "Bok, Benjamin"]
[Black "Moussard, Jules"]
[Result "0-1"]
[WhiteTitle "GM"]
[BlackTitle "GM"]
[WhiteElo "2624"]
[BlackElo "2625"]
[WhiteFideId "1017063"]
[BlackFideId "642908"]
[EventDate "2020.09.13"]

1. d4 f5 2. g3 Nf6 3. Bg2 g6 4. Nf3 Bg7 5. O-O O-O 6. b3 b6 7. Bb2 Bb7 8. c4 e6
9. Nc3 Ne4 10. Qc2 d6 11. Rfd1 Nd7 12. Ne1 Ndf6 13. Rac1 Qe7 14. Nd3 g5 15. d5
Nxc3 16. Bxc3 e5 17. Nb4 f4 18. Nc6 Qf7 19. Rf1 h5 20. e3 Bh6 21. Rce1 Rae8 22.
exf4 gxf4 23. Qd1 Bc8 24. Bd2 h4 25. gxf4 h3 26. Bf3 e4 27. Kh1 exf3 28. Qxf3
Rxe1 29. Rxe1 Bg4 30. Rg1 Qh5 31. Qd3 Kh8 32. Nd4 Re8 33. f3 Bd7 34. f5 Bxd2 35.
Qxd2 Rg8 36. Qf4 Rxg1+ 37. Kxg1 Kg8 38. Kf2 Kf7 39. Ne6 Bxe6 40. fxe6+ Ke7 41.
Kg3 Qh7 42. Qg5 Qh8 43. Qg6 Qf8 44. Kxh3 c6 45. dxc6 Kxe6 46. Kg3 Qc8 47. h4
Qxc6 48. h5 Qc5 49. h6 Qf5 50. Qxf5+ Kxf5 51. Kf2 Kg5 52. Ke3 Kxh6 53. Kd4 Kg5
54. b4 Kf5 55. c5 bxc5+ 56. bxc5 d5 57. c6 Ke6 58. Kc5 Ke7 59. f4 Kd8 60. Kd4
Kc7 61. Ke5 Kxc6 62. Kxf6 d4 63. f5 d3 64. Ke7 d2 65. f6 d1=Q 66. f7 Qd6+ 0-1

[Event "Chess24 Banter QualF 2020"]
[Site "chess24.com INT"]
[Date "2020.09.13"]
[Round "1.5"]
[White "Moussard, Jules"]
[Black "Bok, Benjamin"]
[Result "0-1"]
[WhiteTitle "GM"]
[BlackTitle "GM"]
[WhiteElo "2625"]
[BlackElo "2624"]
[WhiteFideId "642908"]
[BlackFideId "1017063"]
[EventDate "2020.09.13"]

1. e4 c5 2. Nf3 d6 3. d4 cxd4 4. Nxd4 Nf6 5. Nc3 a6 6. Nb3 g6 7. Be3 Bg7 8. Be2
Nc6 9. f4 O-O 10. g4 b5 11. g5 Nd7 12. h4 Bb7 13. h5 b4 14. Na4 Na5 15. Bd3 Bc6
16. hxg6 hxg6 17. Nxa5 Qxa5 18. b3 Bxa4 19. bxa4 Nc5 20. f5 b3+ 21. Bd2 Qxa4 22.
f6 exf6 23. axb3 Qd4 24. Ke2 Nxe4 25. Be3 Nc3+ 26. Kd2 Qxe3+ 27. Kxe3 Nxd1+ 28.
Raxd1 fxg5 29. Bc4 Be5 30. Rh6 Kg7 31. Rdh1 Rac8 32. Rh7+ Kf6 33. Kf3 d5 34. Bd3
a5 35. Rf1 Rh8 36. Rfh1 Rxh7 37. Rxh7 Rb8 38. Rh1 Rb4 39. Rh8 a4 40. bxa4 Rxa4
41. Rd8 g4+ 42. Kg2 d4 43. Rd7 Rb4 44. Be4 Ke6 45. Ra7 f5 46. Bd3 Rb6 47. Ra8
Kf6 48. Rf8+ Kg5 49. Re8 Bf4 50. Rd8 Be3 51. Re8 f4 52. Rg8 Re6 53. Kf1 f3 54.
Rf8 Rf6 55. Rg8 g3 56. Ke1 g2 0-1

[Event "Chess24 Banter QualF 2020"]
[Site "chess24.com INT"]
[Date "2020.09.13"]
[Round "1.6"]
[White "Bok, Benjamin"]
[Black "Moussard, Jules"]
[Result "1-0"]
[WhiteTitle "GM"]
[BlackTitle "GM"]
[WhiteElo "2624"]
[BlackElo "2625"]
[WhiteFideId "1017063"]
[BlackFideId "642908"]
[EventDate "2020.09.13"]

1. d4 f5 2. g3 Nf6 3. Bg2 g6 4. b3 Bg7 5. Bb2 O-O 6. c4 d6 7. Nh3 e5 8. dxe5 Ng4
9. O-O dxe5 10. Qxd8 Rxd8 11. Bd5+ Kh8 12. Ng5 Nh6 13. Na3 c6 14. Be6 Na6 15.
Rad1 Re8 16. Bxc8 Raxc8 17. Nc2 Rc7 18. Rd2 e4 19. Bxg7+ Kxg7 20. Rfd1 Ree7 21.
Rd8 Ng4 22. R1d6 Nc5 23. Nd4 Kh6 24. Nge6 Nxe6 25. Nxe6 e3 26. f3 Ne5 27. Nxc7
Nxf3+ 28. Kg2 Ne1+ 29. Kf1 1-0

[Event "Chess24 Banter QualF 2020"]
[Site "chess24.com INT"]
[Date "2020.09.13"]
[Round "1.7"]
[White "Moussard, Jules"]
[Black "Bok, Benjamin"]
[Result "0-1"]
[WhiteTitle "GM"]
[BlackTitle "GM"]
[WhiteElo "2625"]
[BlackElo "2624"]
[WhiteFideId "642908"]
[BlackFideId "1017063"]
[EventDate "2020.09.13"]

1. f4 d5 2. Nf3 g6 3. g3 Bg7 4. Bg2 Nh6 5. O-O O-O 6. d3 d4 7. c3 c5 8. e4 dxe3
9. Bxe3 Qc7 10. Na3 Ng4 11. Qe2 Nxe3 12. Qxe3 e6 13. Ne5 Nd7 14. Nac4 Nf6 15. a4
Nd5 16. Qf2 b6 17. Rae1 Bb7 18. h4 a6 19. h5 b5 20. axb5 axb5 21. Nd2 Ra2 22.
Ne4 Ba8 23. hxg6 hxg6 24. Re2 Rc8 25. Rfe1 Bxe5 26. fxe5 Qxe5 27. c4 bxc4 28.
dxc4 Qd4 29. cxd5 Qxf2+ 30. Kxf2 exd5 31. Nf6+ Kg7 32. Nxd5 Rb8 33. Rb1 Ra6 34.
Nf4 Bxg2 35. Nxg2 Rb3 36. Re3 Rb4 37. Ke2 Rab6 38. b3 c4 39. Nf4 Rxb3 40. Rbxb3
cxb3 41. Nd3 b2 42. Nxb2 Rxb2+ 43. Kf3 Rb6 44. Ra3 Rf6+ 45. Kg2 Rd6 46. Ra7 Re6
47. Ra4 Re7 48. Kf3 Kh6 49. Ra5 Rd7 50. Re5 Ra7 51. Rb5 Ra3+ 52. Kg2 f6 53. Rb6
Kg5 54. Rb5+ f5 55. Rb6 Re3 56. Ra6 Kh5 57. Rb6 g5 58. Rb4 Re2+ 59. Kf3 Ra2 60.
g4+ fxg4+ 61. Kg3 Ra3+ 62. Kg2 Kh4 63. Rc4 Ra2+ 64. Kg1 Kh3 65. Rc1 g3 66. Rf1
Rg2+ 67. Kh1 Rh2+ 68. Kg1 Rh1+ 69. Kxh1 g2+ 70. Kg1 gxf1=Q+ 71. Kxf1 Kh2 0-1

[Event "Chess24 Banter QualF 2020"]
[Site "chess24.com INT"]
[Date "2020.09.13"]
[Round "1.1"]
[White "Oparin, Grigoriy"]
[Black "Niemann, Hans Moke"]
[Result "1/2-1/2"]
[WhiteTitle "GM"]
[BlackTitle "IM"]
[WhiteElo "2652"]
[BlackElo "2465"]
[WhiteFideId "24125890"]
[BlackFideId "2093596"]
[EventDate "2020.09.13"]

1. g3 d5 2. Nf3 Nf6 3. Bg2 c6 4. O-O Bf5 5. c4 e6 6. cxd5 exd5 7. d3 Be7 8. Qb3
Qb6 9. Qc2 Nbd7 10. Nc3 O-O 11. e4 Bg6 12. Be3 Qa6 13. Nh4 dxe4 14. dxe4 Ng4 15.
Nxg6 hxg6 16. Bf4 g5 17. Bd2 Nge5 18. h3 Rad8 19. Rad1 Nc5 20. Be3 Ne6 21. b3
Rxd1 22. Rxd1 Rd8 23. Rxd8+ Bxd8 24. Na4 Qa5 25. Qd2 Qxd2 26. Bxd2 b5 27. Nc3
Bb6 28. Kf1 Nd3 29. Nd1 c5 30. Bf3 Ne5 31. Be2 a6 32. f4 gxf4 33. gxf4 Nc6 34.
e5 Ncd4 35. Bd3 c4 36. bxc4 Nc5 37. Be2 Ne4 38. Be1 Nxe2 39. Kxe2 bxc4 40. Kf3
f5 41. exf6 Nxf6 42. Nb2 Kf7 43. Nxc4 Bc5 44. f5 g6 45. Kf4 gxf5 46. Kxf5 Nd5
47. Ke5 Nc7 48. h4 Kg6 49. Ke4 Kf6 50. Ne5 Bd6 51. Nf3 Kg6 52. Nd4 Kf6 53. Nf5
Ba3 54. Bd2 Kg6 55. Ng3 Nb5 56. h5+ Kh7 57. Nf5 Bb2 58. Kd5 Bc3 59. Be3 Bf6 60.
Kc4 Nc3 61. a3 Nb5 62. a4 Nc3 63. a5 Nb5 64. Bd2 Bd8 65. Kd5 Na7 66. Kd6 Nb5+
67. Kc6 Na3 68. Nd6 Be7 69. Nb7 Nc4 70. Bf4 Bf8 71. Kd5 Nxa5 72. Nxa5 Bh6 73.
Be5 Bg5 74. Bd6 Kh6 75. Nc4 Kxh5 76. Kc6 Kg6 77. Bb4 Bf6 78. Kb6 Kf5 79. Kxa6
Ke4 80. Kb5 Kd5 81. Bd6 Bd4 82. Bh2 Bf2 83. Nb6+ Bxb6 1/2-1/2

[Event "Chess24 Banter QualF 2020"]
[Site "chess24.com INT"]
[Date "2020.09.13"]
[Round "1.2"]
[White "Niemann, Hans Moke"]
[Black "Oparin, Grigoriy"]
[Result "0-1"]
[WhiteTitle "IM"]
[BlackTitle "GM"]
[WhiteElo "2465"]
[BlackElo "2652"]
[WhiteFideId "2093596"]
[BlackFideId "24125890"]
[EventDate "2020.09.13"]

1. Nf3 Nf6 2. c4 e6 3. b3 d5 4. Bb2 Bd6 5. g4 h6 6. Rg1 c5 7. e3 Nc6 8. h4 d4 9.
g5 hxg5 10. hxg5 Nh5 11. exd4 cxd4 12. Rh1 e5 13. d3 Bg4 14. Rh4 Qd7 15. Be2
O-O-O 16. Kd2 Nf4 17. Rxh8 Rxh8 18. Nxd4 Bb4+ 19. Kc1 Nxe2+ 20. Nxe2 Rh2 21.
Nbc3 Bxc3 22. Bxc3 Rxf2 0-1

[Event "Chess24 Banter QualF 2020"]
[Site "chess24.com INT"]
[Date "2020.09.13"]
[Round "1.3"]
[White "Oparin, Grigoriy"]
[Black "Niemann, Hans Moke"]
[Result "0-1"]
[WhiteTitle "GM"]
[BlackTitle "IM"]
[WhiteElo "2652"]
[BlackElo "2465"]
[WhiteFideId "24125890"]
[BlackFideId "2093596"]
[EventDate "2020.09.13"]

1. Nf3 c5 2. c4 Nc6 3. d4 cxd4 4. Nxd4 g6 5. e4 Bg7 6. Nc2 Nf6 7. Nc3 O-O 8. Be2
d6 9. O-O Be6 10. Be3 a6 11. Rc1 Nd7 12. Qd2 Qa5 13. b4 Nxb4 14. Nd5 Nc6 15.
Nxe7+ Kh8 16. Nxc6 Qxd2 17. Bxd2 bxc6 18. Bf4 Be5 19. Be3 Nf6 20. Nd4 c5 21. Nc6
Rfc8 22. Nxe5 dxe5 23. f4 exf4 24. Bxf4 Nd7 25. Rfd1 Ra7 26. Rb1 Kg8 27. Bd6 Nf6
28. Bd3 Rd7 29. e5 Ne8 30. Rb6 Rcd8 31. Be2 f6 32. Re1 Nxd6 33. exd6 Rxd6 34.
Rb7 R8d7 35. Rxd7 Rxd7 36. Bf1 Kf7 37. Rb1 Rd6 38. Rb7+ Bd7 39. Kf2 Ke6 40. Ke3
h5 41. h4 Rd4 42. g3 f5 43. Rb6+ Kf7 44. Rxa6 Be6 45. Ra7+ Kf6 46. Ra6 Ke5 47.
Ra5 Re4+ 48. Kf2 Kd4 49. Ra3 f4 50. Rd3+ Ke5 51. Rc3 fxg3+ 52. Kxg3 Rg4+ 53. Kf2
Rxh4 54. a4 Rf4+ 55. Kg1 Rf7 56. a5 Ra7 57. Ra3 Kd4 58. Kf2 g5 59. Rd3+ Ke5 60.
Re3+ Kf6 61. Ra3 h4 62. Ke3 Ke5 63. Kf2 g4 64. Ke3 h3 65. Ra1 g3 66. Kf3 g2 67.
Bd3 Rg7 68. Kf2 h2 0-1

[Event "Chess24 Banter QualF 2020"]
[Site "chess24.com INT"]
[Date "2020.09.13"]
[Round "1.4"]
[White "Niemann, Hans Moke"]
[Black "Oparin, Grigoriy"]
[Result "0-1"]
[WhiteTitle "IM"]
[BlackTitle "GM"]
[WhiteElo "2465"]
[BlackElo "2652"]
[WhiteFideId "2093596"]
[BlackFideId "24125890"]
[EventDate "2020.09.13"]

1. Nf3 Nf6 2. d4 e6 3. Bf4 b6 4. e3 Bb7 5. Nbd2 g6 6. h3 Bg7 7. Bd3 O-O 8. O-O
d6 9. e4 Nbd7 10. Qe2 Nh5 11. Bh2 e5 12. dxe5 dxe5 13. Qe3 Nf4 14. Bc4 Qe7 15.
c3 Bh6 16. Kh1 Kg7 17. Bxf4 Bxf4 18. Qe2 h5 19. Ba6 Bc6 20. Bb5 Bb7 21. Ba6 Bxa6
22. Qxa6 Nc5 23. Qe2 Rfd8 24. Nc4 Qe6 25. Rad1 Nd3 26. b3 Nc5 27. Kg1 a5 28. g3
Bh6 29. Kg2 f6 30. Na3 Qc6 31. Rxd8 Rxd8 32. Re1 Qd7 33. Qb5 Qxb5 34. Nxb5 c6
35. Na3 Rd3 36. Nb1 b5 37. Ng1 Kf7 38. Kf1 Rd8 39. f3 h4 40. gxh4 Bf4 41. Ne2
Ne6 42. h5 gxh5 43. h4 b4 44. Kf2 c5 45. c4 Ra8 46. Nxf4 Nxf4 47. Rd1 Ke7 48.
Nd2 a4 49. Ke3 axb3 50. Nxb3 Rxa2 51. Rd2 Ra3 52. Rb2 Kd6 53. Kd2 Kc6 54. Kc2
Ne6 55. Rb1 Nd4+ 56. Nxd4+ exd4 57. f4 Re3 58. Rg1 Rxe4 59. Rg6 Rxf4 60. Rh6
Rf2+ 61. Kd3 b3 62. Rh8 b2 63. Rb8 Kd6 64. Rb5 Rh2 65. Ke4 Rxh4+ 66. Kf5 Rh2 67.
Rb6+ Kc7 68. Rb5 Kc6 0-1

[Event "Chess24 Banter QualF 2020"]
[Site "chess24.com INT"]
[Date "2020.09.13"]
[Round "1.5"]
[White "Oparin, Grigoriy"]
[Black "Niemann, Hans Moke"]
[Result "0-1"]
[WhiteTitle "GM"]
[BlackTitle "IM"]
[WhiteElo "2652"]
[BlackElo "2465"]
[WhiteFideId "24125890"]
[BlackFideId "2093596"]
[EventDate "2020.09.13"]

1. Nf3 b6 2. e4 Bb7 3. Nc3 e6 4. d4 Bb4 5. Bd3 Nf6 6. Qe2 d5 7. exd5 Qxd5 8. Bd2
Qh5 9. Ne5 Qxe2+ 10. Nxe2 Bxd2+ 11. Kxd2 Nbd7 12. f4 c5 13. c3 g6 14. Rhg1 Ke7
15. Nxd7 Nxd7 16. Rad1 Rhd8 17. Ke3 Nf6 18. h3 cxd4+ 19. cxd4 Rac8 20. Nc3 a6
21. a3 b5 22. g4 h5 23. g5 Ne8 24. h4 Nd6 25. Rc1 Rd7 26. Rgd1 Rdc7 27. Ne2 Rd7
28. Rxc8 Nxc8 29. Nc3 Nb6 30. Be2 Bc6 31. Bf1 Kd6 32. Be2 Rb7 33. Rc1 Bd5 34.
Nb1 Na4 35. b4 Nb6 36. Nd2 Bc6 37. Kf2 Ra7 38. Rc5 Nd7 39. Rc3 a5 40. bxa5 Rxa5
41. Nf1 Ra4 42. Ne3 Rxd4 43. Rd3 Rxd3 44. Bxd3 Nc5 45. Bc2 Be4 46. Bd1 Nd3+ 47.
Kg3 Nb2 48. Bb3 Kc5 49. f5 gxf5 50. g6 fxg6 51. Bxe6 Nc4 52. Kf4 Nxa3 53. Bf7
Nc4 54. Nd1 b4 55. Bxg6 b3 56. Bxh5 Bc2 57. Nc3 b2 58. Bf7 Kd4 59. Nb5+ Kd3 60.
Bxc4+ Kxc4 61. h5 Kxb5 0-1

[Event "Chess24 Banter QualF 2020"]
[Site "chess24.com INT"]
[Date "2020.09.13"]
[Round "1.6"]
[White "Niemann, Hans Moke"]
[Black "Oparin, Grigoriy"]
[Result "1-0"]
[WhiteTitle "IM"]
[BlackTitle "GM"]
[WhiteElo "2465"]
[BlackElo "2652"]
[WhiteFideId "2093596"]
[BlackFideId "24125890"]
[EventDate "2020.09.13"]

1. Nf3 Nf6 2. c4 e6 3. b3 d5 4. Bb2 Bd6 5. g4 h6 6. Rg1 c5 7. e3 Nc6 8. h4 d4 9.
g5 hxg5 10. hxg5 Nh5 11. exd4 cxd4 12. Nxd4 Nxd4 13. Bxd4 Bh2 14. Rg4 e5 15. Be3
Bxg4 16. Qxg4 Nf4 17. Nc3 Qe7 18. O-O-O Rd8 19. Re1 Kf8 20. Ne4 b6 21. d4 Qb4
22. Rd1 Ng6 23. dxe5 Rxd1+ 24. Qxd1 Qe7 25. Qd5 Bxe5 26. Bg2 Rh2 27. Bf3 Kg8 28.
Kb1 Qa3 29. Qd2 Qe7 30. c5 bxc5 31. Bxc5 Qc7 32. a4 Nf4 33. Ka2 Ne6 34. Be3 Rh3
35. Bg2 Rh2 36. Bf3 Bf4 37. g6 fxg6 38. Bg4 Qf7 39. Bxe6 Qxe6 40. Bxf4 Rh4 41.
Qd8+ 1-0

[Event "Chess24 Banter QualF 2020"]
[Site "chess24.com INT"]
[Date "2020.09.13"]
[Round "1.7"]
[White "Oparin, Grigoriy"]
[Black "Niemann, Hans Moke"]
[Result "1-0"]
[WhiteTitle "GM"]
[BlackTitle "IM"]
[WhiteElo "2652"]
[BlackElo "2465"]
[WhiteFideId "24125890"]
[BlackFideId "2093596"]
[EventDate "2020.09.13"]

1. g3 e5 2. c4 h5 3. h4 Nf6 4. Nc3 Nc6 5. Nf3 Bb4 6. Bg2 d6 7. Ng5 Bxc3 8. bxc3
Ng4 9. d3 f6 10. Ne4 Qe7 11. Rb1 Nd8 12. Ba3 c5 13. d4 exd4 14. cxd4 Bf5 15. Qd3
O-O 16. dxc5 dxc5 17. Qd5+ Qe6 18. Nxc5 Qxd5 19. Bxd5+ Kh8 20. e4 Re8 21. O-O
Bg6 22. Nxb7 Nxb7 23. Bxb7 Rad8 24. f3 Ne5 25. c5 Rd2 26. Rb2 Rxb2 27. Bxb2 Rb8
28. Bxe5 Rxb7 29. c6 Rb4 30. Rc1 1-0